02063nam a2200289 a 450000100060000000300090000600800410001502000150005604000280007108200150009910000820011411000450019624500430024126000580028430000110034250000540035350506120040759000490101965000540106865000600112294200120118299900170119495201510121195201510136295201290151395201310164218548CO-ViMGA141112s2004 ck r 000 u spa d a9586164276 aCO-ViMGAbspacCO-ViMGA04a344.9 R3441 aVillar Borda, Luis; Valencia Morato, Fabio; Hernandez Becerra, Augusto926387 aUniversidad externado de Colombia95361710aRegimen de las entidades territoriales aBogotá, cUniversidad Externado de Colombia, c2000 a2 Vol. aSolicitar el ejemplar de la tabla de contenido.  aVOLUMEN (1)Fundamentos constitucionales del ordenamiento territorial Colombiano Regimen jurídico de los municipios Autoridades e instituciones municipales La cantratación estatal Control fiscal Regimen jurídico de los servicios públicos domiciliarios en Colombia VOLUMEN (2)Planeacióndel territorio municipal , propiedad y derecho urbanistico Autoridades del sistema Nacional ambiental En control interno en las entidades territoriales Impuestos territoriales Derecho a la seguridad social - Articulo 48 ley 100 de 1993 Representación y planeación Elementos básicos del presupuesto público aForma de adquisición : Premio - Mincultura14aDERECHO MUNICIPAL - LEGISLACION - COLOMBIA92285914aMUNICIPIO - GOBIERNO - ADMINISTRACION - COLOMBIA926388 2ddccBK c27814d27814 00102ddc40708002aMEVIECARbMEVIECARd2015-12-04hTomo. 1 | 11/jun/2009l0o344.9 R344 p18548 - 1r2015-12-04 00:00:00tEj. 1w2015-12-04yBK 00102ddc40708002aMEVIECARbMEVIECARd2015-12-04hTomo. 2 | 19/nov/2013l0o344.9 R344 p18548 - 2r2015-12-04 00:00:00tEj. 1w2015-12-04yBK 00102ddc40708GENaMESGUARObMESGUAROcREFd2024-09-23l0o346045 R23pSG02040r2024-09-23 14:42:22tEj.1w2024-09-23yBK 00102ddc40708GENaMEACACIAbMEACACIAcGENd2025-05-13l0o346.045 R23pACA02575r2025-05-13 09:48:21tEj.1w2025-05-13yBK